International valuation glossary - (Record no. 122223)
[ view plain ]
| 000 -LEADER | |
|---|---|
| fixed length control field | 01586nam a22002417a 4500 |
| 005 - DATE AND TIME OF LATEST TRANSACTION | |
| control field | 20251104120350.0 |
| 008 - FIXED-LENGTH DATA ELEMENTS--GENERAL INFORMATION | |
| fixed length control field | 251104t2022 xxk|||||o|||| 00| 0 eng d |
| 041 ## - LANGUAGE CODE | |
| Language code of text/sound track or separate title | eng |
| 110 ## - MAIN ENTRY--CORPORATE NAME | |
| Corporate author | Royal Institution of Chartered Surveyors |
| 245 ## - TITLE STATEMENT | |
| Title | International valuation glossary - |
| Subtitle | business valuation |
| Medium | [Electronic resource] |
| 260 ## - PUBLICATION INFORMATION | |
| Publisher | RICS, ASA, CBV, Taqeem, |
| Date | 24 February 2022 |
| Place of publication | London, |
| 300 ## - PHYSICAL DESCRIPTION | |
| Physical description | 16p. |
| 500 ## - GENERAL NOTE | |
| General note | Business valuation providers and users benefit from common understanding of terms with clearly <br/>established meanings and consistent application throughout the profession. To this end the following <br/>societies and organizations have worked collaboratively to compile definitions for the terms included <br/>in this Glossary:<br/>• ASA – American Society of Appraisers<br/>• CBV Institute – Chartered Business Valuators Institute<br/>• RICS – Royal Institution of Chartered Surveyors<br/>• TAQEEM – Saudi Authority for Accredited Valuers<br/>This Glossary updates the International Glossary of Business Valuation Terms originally published <br/>in 2001. |
| 650 ## - KEYWORDS | |
| Keywords | VALUATION |
| 651 ## - SUBJECT ADDED ENTRY--GEOGRAPHIC NAME | |
| Geographic name | International |
| 690 ## - BROAD SUBJECT | |
| Broad subject | Valuation |
| 9 (RLIN) | 6273 |
| 710 ## - ADDED CORPORATE NAME | |
| Added corporate author | Royal Institution of Chartered Surveyors |
| 710 ## - ADDED CORPORATE NAME | |
| Added corporate author | American Society of Appraisers |
| 710 ## - ADDED CORPORATE NAME | |
| Added corporate author | Chartered Business Valuators Institute |
| 710 ## - ADDED CORPORATE NAME | |
| Added corporate author | TAQEEM - Saudi Authority for Accredited Valuers |
| 856 ## - ONLINE RESOURCE | |
| Uniform Resource Identifier | <a href="https://www.rics.org/content/dam/ricsglobal/documents/standards/feb_24_2022_international_business_valuation_glossary_revision_english.pdf">https://www.rics.org/content/dam/ricsglobal/documents/standards/feb_24_2022_international_business_valuation_glossary_revision_english.pdf</a> |
| Public note | Available on RICS.org |
| 942 ## - ADDED ENTRY ELEMENTS (KOHA) | |
| Suppress in OPAC | Do not suppress in OPAC |
| Lost status | Damaged status | Not for loan | Current library | Shelving location | Date acquired | Total Checkouts | Full call number | Date last seen | Price effective from | Koha item type |
|---|---|---|---|---|---|---|---|---|---|---|
| Virtual | Online | 04/11/2025 | ONLINE PUBLICATION | 04/11/2025 | 04/11/2025 | Online material |